Normal view
MARC view
- PhD Environmental Science
Entry Uniform Title
001 - CONTROL NUMBER
- control field: 1817
003 - CONTROL NUMBER IDENTIFIER
- control field: NUST
005 - DATE AND TIME OF LATEST TRANSACTION
- control field: 20170601114611.0
008 - FIXED-LENGTH DATA ELEMENTS
- fixed length control field: 170601|| aca||aabn | a|a d
040 ## - CATALOGING SOURCE
- Original cataloging agency: NUST
- Transcribing agency: NUST
130 ## - HEADING--UNIFORM TITLE
- Uniform title: PhD Environmental Science
670 ## - SOURCE DATA FOUND
- Source citation: Work cat.: (NUST): Mehmood,Ch Tahir 1816, An Investigation Into Catalytic Photo-Biodegradation of Polythene Films, 2016
